[Event "Ch Norway (team) (final)"]
[Site "masterchessopen.com Oslo (Norway)"]
[Round "2"]
[White "Thorstensen Trond (NOR)"]
[Black "Hagesaether Arne (NOR)"]
[Result "1-0"]
[WhiteElo "2233"]
[BlackElo "2097"]

1.Nf3 g6 2.d4 Bg7 3.c4 Nf6 4.Nc3 d5 5.Bg5 c6 6.e3 O-O 7.Qb3 e6 8.Ne5 Qa5 9.f4
Ne4 10.Be7 Re8 11.Bb4 Qc7 12.Nxe4 dxe4 13.c5 Kh8 14.h4 f6 15.Nc4 e5 16.Nd6 Re7
17.h5 Be6 18.Bc4 Bxc4 19.Qxc4 g5 20.h6 Bf8 21.dxe5 Rd7 22.Bc3 b5 23.Qe6 {#r}
1-0

[Event "Ch Paris (open)"]
[Site "masterchessopen.com Paris (France)"]
[Round "3"]
[White "Gravagna Pierre (FRA)"]
[Black "Renault Jerome (FRA)"]
[Result "1-0"]
[WhiteElo "2045"]
[BlackElo "2138"]

1.d4 Nf6 2.Nf3 g6 3.c4 Bg7 4.Nc3 d5 5.Bg5 Ne4 6.cxd5 Nxg5 7.Nxg5 e6 8.Qa4+ c6
9.dxc6 Nxc6 10.Nf3 Bxd4 11.O-O-O b5 12.Qxb5 Bd7 13.Nxd4 Nxd4 14.Qe5 Nb3+
15.axb3 O-O 16.e3 Qc8 17.Bc4 Bc6 18.Rd6 Bxg2 19.Rg1 Qb7 20.e4 Bh3 21.Rg3 f6
22.Qb5 Qc7 23.Qd7 Qa5 24.Rxh3 {#r} 1-0

[Event "Ch Europe (juniors) (under 12)"]
[Site "masterchessopen.com Peniscola (Spain)"]
[Round "2"]
[White "Rigolot Matthieu (FRA)"]
[Black "Howell David WL (ENG)"]
[Result "0-1"]
[WhiteElo "1959"]
[BlackElo "2257"]

1.d4 Nf6 2.c4 g6 3.Nc3 d5 4.Nf3 Bg7 5.Bg5 Ne4 6.cxd5 Nxg5 7.Nxg5 e6 8.Nf3 exd5
9.b4 Qd6 10.a3 O-O 11.e3 Bf5 12.Be2 c6 13.O-O a6 14.Qb3 Nd7 15.Nh4 b6 16.Rac1
Rfc8 17.Rfd1 Bf6 {#R} 0-1

[Event "It (open)"]
[Site "masterchessopen.com Saint Chely d'Aubrac (France)"]
[Round "2"]
[White "Flear Christine (FRA)"]
[Black "Boussely Jack (FRA)"]
[Result "1-0"]
[WhiteElo "2213"]
[BlackElo "1534"]

1.d4 Nf6 2.c4 g6 3.Nc3 d5 4.Nf3 Bg7 5.Bg5 c6 6.e3 O-O 7.Qb3 Qa5 8.Bxf6 dxc4
9.Bxc4 Bxf6 10.O-O Nd7 11.Ne4 Bg7 12.Nfg5 Qf5 13.f3 Nb6 14.g4 Qa5 15.Bxf7+ Kh8
16.Be6 h6 17.Bxc8 Raxc8 18.Ne6 Qd5 19.Nxf8 {#r} 1-0

[Event "It (open)"]
[Site "masterchessopen.com Salzburg (Austria)"]
[Round "4"]
[White "Haasler Andreas (GER)"]
[Black "Schippel Gert (AUT)"]
[Result "1-0"]
[WhiteElo "2181"]
[BlackElo "2095"]

1.Nf3 Nf6 2.c4 g6 3.Nc3 d5 4.d4 Bg7 5.Bg5 Ne4 6.cxd5 Nxg5 7.Nxg5 e6 8.Qd2 exd5
9.Qe3+ Kf8 10.Qf4 Bf6 11.h4 Kg7 12.e3 c5 13.O-O-O cxd4 14.Rxd4 h6 15.Rxd5 hxg5
16.hxg5 Rxh1 17.Rxd8 Rxf1+ 18.Rd1 Rxd1+ 19.Nxd1 Bxg5 20.Qxg5 Be6 21.Qe5+ Kh6
22.Qh8+ Kg5 23.f4+ Kf5 24.Qe5+ {#r} 1-0

[Event "It (open)"]
[Site "masterchessopen.com St. Jean (Switzerland)"]
[Round "1"]
[White "Gheorghiu Florin (ROM)"]
[Black "Kohler Paul (SUI)"]
[Result "1-0"]
[WhiteElo "2423"]
[BlackElo "1913"]

1.d4 Nf6 2.Nf3 g6 3.c4 Bg7 4.Nc3 d5 5.Bg5 Ne4 6.Bh4 Nxc3 7.bxc3 c5 8.cxd5 Qxd5
9.e3 cxd4 10.cxd4 Nc6 11.Be2 O-O 12.O-O Bf5 13.Qb3 Qxb3 14.axb3 a6 15.Nd2 Rfe8
16.Nc4 Bc2 17.Nb6 Rad8 18.Bf3 Nxd4 19.exd4 Bxd4 20.Nd5 Bxa1 21.Rxa1 Bxb3
22.Nc7 Rd4 23.Nxe8 Rxh4 24.Bxb7 Rc4 25.Bd5 Rc3 26.Bxb3 Kf8 27.Ba4 {#r} 1-0

[Event "Ch World University Chess"]
[Site "masterchessopen.com Ulan Bator (Mongolia)"]
[Round "7"]
[White "Hochstrasser Michael (SUI)"]
[Black "Shomoev Anton (RUS)"]
[Result "0-1"]
[WhiteElo "2353"]
[BlackElo "2541"]

1.d4 Nf6 2.c4 g6 3.Nc3 d5 4.Nf3 Bg7 5.Bg5 dxc4 6.e4 c5 7.Bxc4 cxd4 8.Qxd4 Qxd4
9.Nxd4 Nxe4 10.Nxe4 Bxd4 11.O-O-O Nc6 12.Bh6 Bf5 13.Ng5 e6 14.Rd2 Rc8 15.Kd1
Bf6 16.Bb5 Ke7 17.Bxc6 Rxc6 18.Ke2 Rhc8 19.Nxh7 Bh8 20.f3 g5 21.Nxg5 e5 22.g4
Bc2 23.Nxf7 Kxf7 24.Rd7+ Ke8 {#R} 0-1

[Event "Ch Slovenia (juniors) (under 20)"]
[Site "masterchessopen.com Slovenia"]
[Round "9"]
[White "Sebenik Matej (SLO)"]
[Black "Kukovec Borut (SLO)"]
[Result "1-0"]
[WhiteElo "2437"]
[BlackElo "2179"]

1.d4 Nf6 2.c4 g6 3.Nc3 d5 4.Nf3 Bg7 5.Bg5 Ne4 6.cxd5 Nxc3 7.bxc3 Qxd5 8.e3 Bg4
9.Bh4 Nd7 10.Be2 e5 11.h3 Bf5 12.Nd2 c6 13.e4 Bxe4 14.Bc4 Bc2 15.Qxc2 Qxg2
16.O-O-O b5 17.Rdg1 {#r} 1-0

[Event "It (cat.2) (a)"]
[Site "masterchessopen.com Budapest (Hungary)"]
[Round "3"]
[White "Babos Csaba (ROM)"]
[Black "Boros Denes (HUN)"]
[Result "1-0"]
[WhiteElo "2253"]
[BlackElo "2414"]

1.d4 Nf6 2.c4 g6 3.Nc3 d5 4.Nf3 Bg7 5.Bg5 dxc4 6.e4 c5 7.dxc5 Qa5 8.Bxf6 Bxf6
9.e5 Bg7 10.Bxc4 Nc6 11.O-O O-O 12.e6 fxe6 13.Ne4 Kh8 14.Nfg5 Nd4 15.Qg4 Rf5
16.Rad1 Qa4 17.b3 Qe8 18.Ng3 Rxc5 19.Qh4 h5 20.Rxd4 Rxg5 21.Qxg5 Bxd4 22.Bd3
Kg7 23.Nxh5+ Kh7 24.Nf4 Bf6 25.Bxg6+ Kg7 26.Nh5+ Kg8 27.Qh6 {#r} 1-0

[Event "Ch France (juniors) (under 10)"]
[Site "masterchessopen.com France"]
[Round "4"]
[White "Mahiouz Oualid (FRA)"]
[Black "Charmeteau Sven (FRA)"]
[Result "0-1"]
[WhiteElo "1882"]
[BlackElo "2026"]

1.d4 Nf6 2.Nf3 g6 3.c4 Bg7 4.Nc3 d5 5.Bg5 Ne4 6.Bd2 Nxc3 7.Bxc3 O-O 8.e3 c5
9.Be2 Nc6 10.O-O Bf5 11.Rc1 dxc4 12.dxc5 Bd3 13.Bxg7 Kxg7 14.Bxd3 cxd3 15.Rc3
Qd5 16.a3 Rfd8 17.Qd2 e5 18.Ne1 e4 19.f3 f5 20.fxe4 fxe4 21.b3 Rf8 22.Rxf8
Rxf8 23.b4 Qf5 24.h3 Qf1+ 25.Kh2 Rf2 26.Qd1 Rxg2+ 27.Nxg2 Qxd1 {#R} 0-1

[Event "Ch NATO"]
[Site "masterchessopen.com Hoevelte (Denmark)"]
[Round "4"]
[White "De Waard Marco (NED)"]
[Black "Olesen Michael (DEN)"]
[Result "1-0"]
[WhiteElo "2197"]
[BlackElo "2103"]

1.d4 Nf6 2.c4 g6 3.Nc3 d5 4.Nf3 Bg7 5.Bg5 Ne4 6.cxd5 Nxg5 7.Nxg5 O-O 8.Nf3 c6
9.dxc6 Nxc6 10.e3 Bg4 11.Be2 Qb6 12.Qb3 Rfd8 13.O-O e5 14.Qxb6 axb6 15.d5 Nb4
16.h3 Bd7 17.Nd2 f5 18.a3 Na6 19.Nc4 e4 20.Nxb6 Rab8 21.Rac1 Nc5 22.Rfd1 Be5
23.b4 Bxc3 24.bxc5 Bb2 25.Rc2 Bxa3 26.Ra1 Bb4 27.Nxd7 Rxd7 28.Ra4 {#r} 1-0

[Event "Ch Baden-Wuerttemberg"]
[Site "masterchessopen.com Karlsruhe (Germany)"]
[Round "8"]
[White "Dushatskiy Fedor (GER)"]
[Black "Schneider Michael (GER)"]
[Result "1-0"]
[WhiteElo "2223"]
[BlackElo "2170"]

1.d4 Nf6 2.Nf3 g6 3.c4 Bg7 4.Nc3 d5 5.Bg5 Ne4 6.Bh4 Nxc3 7.bxc3 c5 8.e3 Nc6
9.cxd5 Qxd5 10.Be2 cxd4 11.cxd4 e5 12.dxe5 Qa5+ 13.Nd2 Nxe5 14.O-O O-O 15.Ne4
Be6 16.Rb1 a6 17.a4 Rab8 18.Be7 Rfc8 19.Bb4 Qd5 20.Bf3 Nxf3+ 21.Qxf3 Bf5 {#r}
1-0

[Event "Ch Baden-Wuerttemberg (b)"]
[Site "masterchessopen.com Karlsruhe (Germany)"]
[Round "4"]
[White "Kilthau Peter (GER)"]
[Black "Schmidt Alexander (GER)"]
[Result "0-1"]
[WhiteElo "2068"]
[BlackElo "2058"]

1.d4 Nf6 2.Nf3 g6 3.c4 Bg7 4.Nc3 d5 5.Bg5 Ne4 6.Bh4 Nxc3 7.bxc3 c5 8.e3 Nc6
9.Be2 O-O 10.O-O Bf5 11.Re1 Rc8 12.cxd5 Qxd5 13.Nd2 cxd4 14.exd4 e5 15.Bc4 Qd7
16.Nb3 exd4 17.Nc5 Qc7 18.g4 Qf4 19.Bg3 Qxg4 20.Be2 Qg5 21.h4 Qe7 {#R} 0-1

[Event "Memorial Pablo Gorbea (open)"]
[Site "masterchessopen.com Madrid (Spain)"]
[Round "2"]
[White "Rodriguez Cordon Luis (ESP)"]
[Black "Garcia Antonio (POR)"]
[Result "1-0"]
[WhiteElo "2280"]
[BlackElo "1948"]

1.d4 Nf6 2.c4 g6 3.Nc3 d5 4.Nf3 Bg7 5.Bg5 Ne4 6.cxd5 Nxc3 7.bxc3 Qxd5 8.e3 Qa5
9.Qb3 c5 10.Bc4 e6 11.O-O O-O 12.Be7 Re8 13.Bxc5 b6 14.Bd6 Bb7 15.Bb5 Nc6
16.a4 Bf8 17.Bxf8 Rxf8 18.Nd2 Ne7 19.Qb2 Nd5 20.Rfc1 {#r} 1-0

[Event "It (open)"]
[Site "masterchessopen.com San Salvador (El Salvador)"]
[Round "2"]
[White "Kiriakov Petr (RUS)"]
[Black "Carvajal Jonathan (CRC)"]
[Result "1-0"]
[WhiteElo "2555"]
[BlackElo "2125"]

1.d4 Nf6 2.c4 g6 3.Nc3 d5 4.Nf3 Bg7 5.Bg5 Ne4 6.cxd5 Nxg5 7.Nxg5 e6 8.Nf3 exd5
9.e3 c6 10.Be2 O-O 11.O-O Qd6 12.a3 Re8 13.Rc1 h6 14.Qb3 Re7 15.Nxd5 Re8
16.Nc3 b6 17.Rfd1 Na6 18.Bc4 {#r} 1-0

[Event "Ch Chess Club"]
[Site "masterchessopen.com St. Petersburg (Russia)"]
[Round "9"]
[White "Vunder Andrey (RUS)"]
[Black "Drozdov Nikolai (RUS)"]
[Result "0-1"]
[WhiteElo "2314"]
[BlackElo "2205"]

1.d4 Nf6 2.Nf3 g6 3.c4 Bg7 4.Nc3 d5 5.Bg5 Ne4 6.Bf4 Nxc3 7.bxc3 dxc4 8.e3 b5
9.a4 c6 10.axb5 cxb5 11.Qb1 Qd5 12.Nd2 Bb7 13.Ra5 a6 14.Nxc4 Nd7 15.Nd2 e5
16.c4 Qd6 17.dxe5 Nxe5 18.cxb5 Rd8 19.Ra2 O-O 20.Nc4 Nf3+ 21.gxf3 Bc3+ 22.Ke2
Qd5 23.Nd6 Qxf3+ 24.Kd3 Be4+ {#R} 0-1

[Event "Ch Chess Club"]
[Site "masterchessopen.com St. Petersburg (Russia)"]
[Round "4"]
[White "Vunder Andrey (RUS)"]
[Black "Sochagin Alexander (RUS)"]
[Result "1-0"]
[WhiteElo "2314"]
[BlackElo "2212"]

1.d4 Nf6 2.Nf3 g6 3.c4 d5 4.Nc3 Bg7 5.Bg5 c6 6.e3 O-O 7.Bd3 b6 8.O-O Bb7 9.Rc1
Nbd7 10.cxd5 Nxd5 11.Nxd5 cxd5 12.Bb5 Nf6 13.Bc6 Bxc6 14.Rxc6 Ne4 15.Bf4 Qd7
16.Qc2 Qf5 17.Rc1 Bf6 18.h3 h5 19.Ne5 Rfd8 20.g4 {#r} 1-0

[Event "Ch Barbados"]
[Site "masterchessopen.com St.Michael (Barbados)"]
[Round "10"]
[White "Warner Delisle (BAR)"]
[Black "Taitt Robert (BAR)"]
[Result "1-0"]
[WhiteElo "2291"]
[BlackElo "2011"]

1.d4 Nf6 2.c4 g6 3.Nc3 d5 4.Nf3 Bg7 5.Bg5 Ne4 6.cxd5 Nxg5 7.Nxg5 e6 8.Qd2 exd5
9.Qe3+ Kf8 10.Qf4 Bf6 11.h4 c6 12.e4 h6 13.Nf3 dxe4 14.Nxe4 Qa5+ 15.Kd1 Bg7
16.Bc4 Qf5 17.Qd6+ Kg8 18.Qd8+ Bf8 19.Nd6 Qd7 20.Bxf7+ Kg7 21.Ne8+ {#r} 1-0

[Event "Ch Switzerland (team) 2003"]
[Site "masterchessopen.com Switzerland"]
[Round "2"]
[White "Costa Jean-Luc (SUI)"]
[Black "Georges Sacha (SUI)"]
[Result "1-0"]
[WhiteElo "2394"]
[BlackElo "2276"]

1.d4 Nf6 2.c4 g6 3.Nc3 d5 4.Nf3 Bg7 5.Bg5 dxc4 6.e4 c5 7.d5 b5 8.e5 b4 9.Na4
Nxd5 10.Bxc4 Nb6 11.Qxd8+ Kxd8 12.O-O-O+ Ke8 13.Bb5+ Bd7 14.Rxd7 N6xd7 15.e6
fxe6 16.Nxc5 a6 17.Ba4 Ra7 18.Be3 Rc7 19.Kb1 Bf6 20.Rd1 e5 21.Ne6 Rb7 22.g4 h6
23.h4 e4 24.Nd2 b3 25.Bxb3 a5 {#r} 1-0

[Event "It (open)"]
[Site "masterchessopen.com Villa Ballester (Argentina)"]
[Round "1"]
[White "Lafuente Pablo (ARG)"]
[Black "Brunetti Fernando (ARG)"]
[Result "1-0"]
[WhiteElo "2473"]
[BlackElo "1865"]

1.d4 Nf6 2.c4 g6 3.Nc3 d5 4.Nf3 Bg7 5.Bg5 Ne4 6.cxd5 Nxc3 7.bxc3 Qxd5 8.e3 c5
9.Qa4+ Bd7 10.Qa3 Nc6 11.Be2 h6 12.Bh4 cxd4 13.cxd4 g5 14.Bg3 h5 15.h3 g4
16.hxg4 hxg4 17.Rxh8+ Bxh8 18.Nd2 Qxg2 19.Rb1 Bf6 20.Qd3 Qd5 21.Qe4 Qxe4
22.Nxe4 O-O-O 23.Nc5 Na5 24.Nxb7 Nxb7 25.Rc1+ Nc5 26.Ba6# 1-0

[Event "It (open)"]
[Site "masterchessopen.com Zurich (Switzerland)"]
[Round "4"]
[White "Haldemann Patrick"]
[Black "Kriste Vincent (SUI)"]
[Result "1-0"]
[WhiteElo "2193"]
[BlackElo "2185"]

1.d4 Nf6 2.c4 g6 3.Nc3 d5 4.Nf3 Bg7 5.Bg5 Ne4 6.cxd5 Nxc3 7.bxc3 Qxd5 8.e3 c5
9.Qb3 Be6 10.c4 Qd7 11.Rd1 Qc7 12.Be2 O-O 13.O-O Re8 14.Bf4 Qc8 15.Ng5 cxd4
16.Nxe6 Qxe6 17.Qxb7 Nd7 18.Bf3 Nb6 19.c5 dxe3 20.Bxe3 {#r} 1-0

[Event "Universiada"]
[Site "masterchessopen.com Evpatoria (Ukraine)"]
[Date "2003.05.16"]
[Round "7"]
[White "Romanchuk Viktor (UKR)"]
[Black "Kovchan Alexander (UKR)"]
[Result "0-1"]
[WhiteElo "2284"]
[BlackElo "2489"]

1.d4 Nf6 2.c4 g6 3.Nc3 d5 4.Nf3 Bg7 5.Bg5 dxc4 6.e3 Be6 7.Ne5 Nd5 8.Nxc4 c5
9.Nxd5 Qxd5 10.Bf4 cxd4 11.Be2 d3 12.Qxd3 Qxg2 13.Rf1 Nc6 14.Qb3 O-O 15.f3 Na5
16.Qb4 Nxc4 17.Bxc4 Qxb2 18.Qxb2 Bxb2 {#R} 0-1

[Event "Ch Poland (team) (2nd liga)"]
[Site "masterchessopen.com Poland"]
[Date "2003.09.07"]
[Round "3"]
[White "Krzywda Andrzej (POL)"]
[Black "Jurek Pawel (POL)"]
[Result "0-1"]
[WhiteElo "2131"]
[BlackElo "2156"]

1.d4 Nf6 2.c4 g6 3.Nc3 d5 4.Nf3 Bg7 5.Bg5 Ne4 6.Bf4 Nxc3 7.bxc3 c5 8.e3 O-O
9.Qb3 cxd4 10.exd4 dxc4 11.Bxc4 Nc6 12.Qd1 Qa5 13.O-O Qxc3 14.Rc1 Qa3 15.d5
Na5 16.Qd2 Bd7 17.Bh6 Rac8 18.Bxg7 Kxg7 19.Ne5 Rfd8 20.Rc3 Qd6 21.Qd4 f6
22.Re1 fxe5 23.Rxe5 Kg8 24.Rxe7 Qxe7 25.d6+ Be6 26.dxe7 Rxd4 27.Bxe6+ Kg7
28.g3 Re8 {#R} 0-1

[Event "It (cat.9)"]
[Site "masterchessopen.com Wijk aan Zee (Netherlands)"]
[Round "4"]
[White "Peng Zhaoqin (NED)"]
[Black "Pavlovic Milos (SRB)"]
[Result "0-1"]
[WhiteElo "2420"]
[BlackElo "2481"]

{ Peng Zhaoqin (NED) +3 =0 -0 Pavlovic Milos (SCG) +0 =2 -1 } 1.d4 { 1 }
1...Nf6 2.c4 g6 3.Nc3 d5 4.Nf3 Bg7 5.Bg5 Ne4 ( 5...dxc4 6.e4 Bg4 7.Bxc4 Bxf3
8.gxf3 O-O 9.h4 Nfd7 10.h5 Nb6 11.Bb3 a5 12.hxg6 hxg6 13.Qd2 a4 14.Nxa4 Nc6
15.Nxb6 Nxd4 16.Nd5 Nxf3+ 17.Ke2 Nxd2 18.Nxe7+ Qxe7 19.Bxe7 Nxb3 20.axb3 Rxa1
21.Rxa1 Re8 22.Bc5 Rxe4+ 23.Kd3 Re5 24.Ra8+ Kh7 25.b4 { ...1/2-1/2, Rajkovic
Dusan 2518 - Pavlovic Milos 2488 , Herceg Novi 2001 Ch Yugoslavia (team) (1
liga) } ) 6.cxd5 Nxg5 7.Nxg5 O-O 8.Nf3 c6 9.dxc6 ( 9.Qb3 cxd5 10.Qxd5 Nc6
11.Qxd8 Rxd8 12.e3 e5 13.dxe5 Nxe5 14.Nd4 Bd7 15.Be2 Nc6 16.Nf3 Nb4 17.O-O Be6
18.Ng5 Rd2 19.Nxe6 fxe6 20.Bg4 Kf7 21.Ne4 Rxb2 22.Rad1 Nxa2 23.Rd7+ Kg8
24.Bxe6+ Kh8 25.Rfd1 h5 26.h4 Nc3 27.Rd8+ Rxd8 28.Rxd8+ Kh7 { ...1-0, Kucera
Petr 2330 - Konopka Michal 2405 , Czech Republic 1996 Extra League 1996/97 } )
9...Nxc6 10.e3 e5 11.d5 e4 { = } 12.dxc6 ( 12.Nxe4 Nb4 ( 12...Bf5 13.Nc3 Nb4
14.Rc1 Qa5 15.Qd2 { } ) 13.Qd2 Qa5 14.Rc1 Bxb2 15.Rc4 Ba3 16.Qc3 Bf5 17.Nfd2
Bxe4 18.Nxe4 b5 19.Nf6+ Kh8 20.Rh4 Nd3+ 21.Ke2 { 1-0, Shabalov Alexander 2623
- Georges Sacha 2276 , Suhr 1992 It (open) } ) 12...exf3 13.Qxd8 Rxd8 14.c7 (
14.gxf3 bxc6 15.Bc4 Rb8 16.Bb3 Be6 17.Rd1 Rdc8 18.Bxe6 fxe6 19.Na4 Bxb2 20.Rb1
Ba3 21.Ke2 Kf7 22.Rb3 Bd6 23.Rc1 Rxb3 24.axb3 g5 25.h3 Ke7 26.Kd3 Rb8 27.Kc3
Rf8 28.Kd3 Rxf3 29.Rxc6 Rxf2 30.Ra6 Bb8 31.Nc5 Rf6 32.b4 h5 33.Ra1 g4 {
...0-1, Moiseenko Alexander 2623 - Pirligras M 2180 , Baile Herculane 1994 Ch
Europe (juniors) (under 14) } ) ( 14.Rc1 bxc6 15.gxf3 Be6 16.Ba6 Bxc3+ 17.Rxc3
Bxa2 18.Rxc6 Rab8 19.O-O Rxb2 20.Rc7 Be6 21.Kg2 Kg7 22.e4 h5 23.Kg3 Rb3
24.Rfc1 Rd6 25.Ra1 g5 26.Kg2 h4 27.Ra5 Kh6 28.Rcc5 h3+ 29.Kg3 Rb1 30.f4 Rg1+
31.Kf3 Bg4+ 32.Ke3 Re1+ { 0-1, Rivera Alberto 2395 - Herrera Irisberto 2355 ,
Matanzas 1993 Memorial J.Capablanca (d) } ) 14...Rd7 15.Rd1 { } 15...Rxd1+ { N
} ( 15...Bxc3+ 16.bxc3 Rxd1+ ( 16...Rxc7 17.Rd8+ Kg7 18.Kd2 Rd7+ 19.Rxd7 Bxd7
20.gxf3 Rd8 21.Kc1 Bc6 22.Be2 Rd5 23.h4 h5 24.Rh3 Bd7 25.Rh1 Bc6 26.Rh3 Bd7 {
1/2-1/2, Damaso Rui 2443 - Sion Castro Marcelino 2384 , Habana 1991 Memorial
J.Capablanca (b) } ) 17.Kxd1 Bg4 18.Kd2 Rc8 19.gxf3 Bxf3 20.Bh3 Rxc7 21.Rb1
Rc5 22.Rb4 Rh5 23.Bc8 Rxh2 24.e4 Rxf2+ 25.Ke3 Rc2 26.Bxb7 Rxc3+ 27.Kf4 Bd1
28.Bd5 Rc7 29.Ke5 Kg7 30.Kd6 Rc8 31.Rb7 Rf8 32.Rxa7 Bf3 33.Ra3 Bg4 34.Rg3 Bd1
35.Rd3 { ...1/2-1/2, Eslon Jaan 2356 - De La Villa Garcia Jesus M 2470 , Palma
de Majorca 1991 It (open) } ) 16.Kxd1 Bg4 17.g3 { } ( 17.Kd2 { !? } 17...Rc8
18.h3 Be6 19.gxf3 { } ) 17...Rc8 18.Bd3 { } ( 18.Nd5 { !? } 18...Kf8 19.Kc1
Be6 20.Bc4 { } ) 18...Rxc7 19.Kc2 Be6 20.Be4 b5 21.Kb1 { ?! } ( 21.a3 { !? }
21...a5 22.Kd2 Rd7+ 23.Kc1 { } ) 21...Bxc3 22.bxc3 Rxc3 23.Rd1 Rc4 { } (
23...Rc5 { !? } 24.Rd3 Bf5 25.Bxf5 Rxf5 { } ) 24.Bc2 { ?! } ( 24.Rd4 { !? }
24...Kg7 25.Rxc4 Bxc4 26.Bxf3 { } ) 24...a5 25.Kb2 { } ( 25.Rd8+ { !? }
25...Kg7 26.Ra8 a4 27.a3 { } ) 25...a4 { ?! } ( 25...Rc5 { !? } 26.h4 f5
27.Rd8+ Kg7 { } ) 26.Rd4 { ? } ( { ? } 26.Rd2 Kg7 27.a3 g5 28.Bd3 { } )
26...a3+ 27.Kb1 Rxd4 28.exd4 Bd5 { } {#R} 0-1

[Event "It (open)"]
[Site "masterchessopen.com Geneva (Switzerland)"]
[Date "2004.01.27"]
[Round "4"]
[White "Sulava Nenad (CRO)"]
[Black "Cherniaev Alexander (RUS)"]
[Result "1-0"]
[WhiteElo "2477"]
[BlackElo "2265"]

1.Nf3 Nf6 2.d4 g6 3.c4 Bg7 4.Nc3 d5 5.Bg5 dxc4 6.e4 c5 7.d5 b5 8.d6 Qxd6
9.Qxd6 exd6 10.e5 dxe5 11.Nxb5 Na6 12.Nd6+ Ke7 13.O-O-O Be6 14.Nxe5 h6 15.Bh4
g5 16.Bg3 Nh5 17.Nc6+ Kf8 18.Bxc4 Nxg3 19.fxg3 Bxc4 20.Nxc4 h5 21.Rhf1 Rh6
22.Rd7 Kg8 23.Ne7+ Kf8 24.Nd5 {#r} 1-0

[Event "It (open)"]
[Site "masterchessopen.com Nova Gorica (Slovenia)"]
[Date "2004.01.30"]
[Round "1"]
[White "Tonon Alessandro (ITA)"]
[Black "Szeberenyi Adam (HUN)"]
[Result "0-1"]
[WhiteElo "2197"]
[BlackElo "2366"]

1.d4 Nf6 2.c4 g6 3.Nc3 d5 4.Nf3 Bg7 5.Bg5 dxc4 6.e3 Be6 7.Ne5 Nd5 8.Nxc4 c5
9.Rc1 Nc6 10.Nb5 f6 11.e4 fxg5 12.exd5 Bxd5 13.dxc5 O-O 14.Nc3 Bd4 15.Rc2 Rf4
16.Ne3 Be6 17.Rd2 Qa5 18.g3 Bxe3 19.fxe3 Rff8 20.Ne4 Ne5 21.Nxg5 Bd5 22.e4 Bc6
23.Qb3+ Kh8 24.Qc3 {#R} 0-1

[Event "Ch Russia (juniors) (under 14)"]
[Site "masterchessopen.com Dagomys (Russia)"]
[Round "5"]
[White "Biryukov Mikhail (RUS)"]
[Black "Nguyen Viet Tuong (VIE)"]
[Result "0-1"]
[WhiteElo "2131"]
[BlackElo "2247"]

1.d4 Nf6 2.c4 g6 3.Nc3 d5 4.Nf3 Bg7 5.Bg5 Ne4 6.cxd5 Nxg5 7.Nxg5 e6 8.Qd2 exd5
9.Qe3+ Kf8 10.g3 c6 11.Bg2 Qe7 12.Qf4 Qf6 13.Qxf6 Bxf6 14.Nf3 Kg7 15.O-O Re8
16.Rfe1 Be6 17.b4 Be7 18.Rab1 a5 19.bxa5 Bc8 20.e4 dxe4 21.Rxe4 Bf5 22.Rxb7
Bxe4 23.Nxe4 Rxa5 24.Ne5 Kg8 25.Nxf7 Rb5 26.Rxb5 cxb5 27.Nfd6 Bxd6 28.Nxd6
Re1+ {#R} 0-1

[Event "Ch Russia (juniors) (under 14)"]
[Site "masterchessopen.com Dagomys (Russia)"]
[Round "1"]
[White "Zubritskiy Artyom (RUS)"]
[Black "Nguyen Viet Tuong (VIE)"]
[Result "1-0"]
[WhiteElo "2261"]
[BlackElo "2247"]

1.d4 Nf6 2.c4 g6 3.Nc3 d5 4.Nf3 Bg7 5.Bg5 Ne4 6.cxd5 Nxg5 7.Nxg5 e6 8.Qd2 exd5
9.Qe3+ Kf8 10.Qf4 Bf6 11.h4 c6 12.O-O-O h6 13.Nf3 Be6 14.e4 dxe4 15.Nxe4 Nd7
16.Ne5 Bxe5 17.dxe5 Qa5 18.Rxd7 Bxd7 19.Bc4 Bf5 20.g4 Qb4 21.Nd6 Be6 22.a3 Qa4
23.Qf6 Rh7 24.Bxe6 {#r} 1-0

[Event "It (open)"]
[Site "masterchessopen.com Coventry (England)"]
[Date "2004.04.17"]
[Round "2"]
[White "Mckeown Paul (IRL)"]
[Black "Howell David WL (ENG)"]
[Result "0-1"]
[WhiteElo "2084"]
[BlackElo "2340"]

1.d4 Nf6 2.c4 g6 3.Nc3 d5 4.Nf3 Bg7 5.Bg5 Ne4 6.cxd5 Nxg5 7.Nxg5 e6 8.Nf3 exd5
9.b4 O-O 10.e3 Qd6 11.Qb3 Be6 12.Bd3 Nd7 13.O-O c6 14.a4 a5 15.Rab1 Rfc8
16.Rfc1 axb4 17.Qxb4 Qxb4 18.Rxb4 c5 19.Rxb7 cxd4 20.exd4 Rxa4 21.Bb5 Rb4
22.Kf1 Nf6 23.Ne5 Bh6 24.Rc2 Bf5 25.Nxf7 Bf8 26.Ra2 Rxc3 {#R} 0-1

[Event "Ch Russia (seniors)"]
[Site "masterchessopen.com Tula (Russia)"]
[Date "2004.05.11"]
[Round "2"]
[White "Novogrudsky Nikolay (RUS)"]
[Black "Sokolov Yury (RUS)"]
[Result "1-0"]
[WhiteElo "2284"]
[BlackElo "2041"]

1.d4 Nf6 2.c4 g6 3.Nc3 d5 4.Nf3 Bg7 5.Bg5 c6 6.e3 O-O 7.Bd3 Nbd7 8.O-O Re8
9.Rc1 Nf8 10.h3 h6 11.Bxf6 Bxf6 12.cxd5 cxd5 13.Qb3 e6 14.Rc2 a6 15.Rfc1 Be7
16.e4 dxe4 17.Nxe4 Nd7 18.Rc7 b5 19.d5 Nb6 20.d6 Bxd6 21.Nxd6 Qxd6 22.R1c6 Qd8
23.Bxg6 Bd7 24.Bxf7+ Kxf7 25.Ne5+ Kg8 26.Rxb6 Bc8 27.Qc2 Qg5 28.Qh7+ {#r} 1-0

[Event "It (open)"]
[Site "masterchessopen.com Triesen (Liechtenstein)"]
[Date "2004.05.20"]
[Round "7"]
[White "Dittmar Peter (GER)"]
[Black "Ferrari Josef (AUT)"]
[Result "1-0"]
[WhiteElo "2359"]
[BlackElo "2211"]

1.Nf3 Nf6 2.c4 g6 3.Nc3 d5 4.d4 Bg7 5.Bg5 c6 6.e3 O-O 7.Rc1 Nbd7 8.cxd5 cxd5
9.Qb3 Nb6 10.Bd3 Be6 11.O-O Rc8 12.Qb4 Re8 13.b3 h6 14.Bf4 Nh5 15.Be5 Nf6
16.Nb5 Rxc1 17.Rxc1 Nfd7 18.Bxg7 Kxg7 19.Nxa7 Qa8 20.Nb5 Qxa2 21.Nc7 Rc8
22.Nxe6+ Kh7 23.Rxc8 Nxc8 24.Qxb7 Nf6 25.Qxc8 Ne4 26.Qc2 Qa1+ 27.Qb1 {#r} 1-0

[Event "It (open)"]
[Site "masterchessopen.com La Fere (France)"]
[Round "1"]
[White "Dumitrache Dragos-Nicolae (ROM)"]
[Black "Lonnoy Remi (FRA)"]
[Result "1-0"]
[WhiteElo "2467"]
[BlackElo "2051"]

1.d4 Nf6 2.c4 g6 3.Nc3 d5 4.Nf3 Bg7 5.Bg5 Ne4 6.cxd5 Nxg5 7.Nxg5 e6 8.Qd2 exd5
9.Qe3+ Kf8 10.Qf4 Bf6 11.h4 h6 12.Nxd5 Bxg5 13.Qe5 f6 14.Qxc7 Qxc7 15.Nxc7 Bf4
16.Nxa8 Nc6 17.e3 Bd6 18.d5 Nb4 19.Rc1 Bf5 20.a3 {#r} 1-0

[Event "It (open)"]
[Site "masterchessopen.com La Fere (France)"]
[Round "2"]
[White "Sarakauskas Gediminas (LTU)"]
[Black "De Lange Hans (NED)"]
[Result "1-0"]
[WhiteElo "2440"]
[BlackElo "1903"]

1.d4 Nf6 2.c4 g6 3.Nc3 d5 4.Nf3 Bg7 5.Bg5 c6 6.e3 Qa5 7.Bxf6 Bxf6 8.cxd5 cxd5
9.Qb3 e6 10.Bd3 a6 11.O-O O-O 12.Rac1 Nd7 13.h4 h5 14.e4 Nb6 15.e5 Be7 16.a3
Bd7 17.Qc2 Kg7 18.b4 Ba4 19.Qb1 {#r} 1-0